Statistiques concernant Complétez ces communes avec un Prénom

Cliquez ici pour prendre le quiz!

Statistiques générales

  • Ce quiz a été pris 147 fois
  • Le résultat moyen est 8 sur 16

Statistiques - réponses

Commune% Correct
Saint-{Jean}-de-Braye
79%
Oloron-Sainte-{Marie}
77%
Saint-{Germain}-en-Laye
74%
Saint-{Pierre}-des-Corps
73%
Saint-{Maur}-des-Fossés
63%
Conflans-Sainte-{Honorine}
56%
Saint-{Laurent}-du-Maroni
56%
Saint-{Étienne}-du-Rouvray
52%
Saint-{Dié}-des-Vosges
42%
Saint-{Jacques}-de-la-Lande
42%
Saint-{Amand}-les-Eaux
38%
Saint-{Julien}-en-Genevois
37%
Saint-{Michel}-sur-Orge
28%
Saint-{Hilaire}-de-Riez
25%
Saint-{Médard}-en-Jalles
24%
Ramonville-Saint-{Agne}
15%

Distribution des résultats

Percentile par nombre de réponses

% des personnes avec chaque résultat

Votre développement - résultats

Vous n’avez pas pris ce quiz